000 00815 a2200193 4500
003 Nust
005 20221027180414.0
020 _a8131705099
040 _cNust
082 _a621.31,GHO
100 _aGhosh, Smarajit,
_9732
245 _aElectrical machines /
_cSmarajit Ghosh
260 _aIndia
_bPearson education
_c2007
300 _axvi, 637 p
_billus
_c24 cm
505 _aIntroduction (Page-1), Transform (Page-26), Three Phase Transformers (Page-130), Basic Concepts of Rotating Machines (Page-161), DC Generators (Page-208), DC Motors (Page-275), Synchronous Generators (Page-349), Synchronous Motors (Page-426), Poly Phase Induction Motors (Page-482), Single Phase Motors and Special Machines (Page-560).
600 _aGhosh, Smarajit,
_9732
650 _aElectrical machines
_960655
942 _2ddc
_cBK
999 _c188440
_d188440